007040am a2200181 004500003000900000008004100009040002200050043001200072050002500084100003500109245007400144260003500218300004100253490007000294500007200364504004100436651004500477EG-GiCUC710216s1968 mauab 000 0 eng  aDLC c DLC d DLC ae-gw---00aJN3971.A3 1968b.E341 aEdinger, Lewis Joachim,d1922-10aPolitics in Germany;battitudes and processesc[by] Lewis J. Edinger. aBoston,bLittle, Brownc[1968] axviii, 360 p.billus., maps.c21 cm.0 aThe Little, Brown series in comparative politics. Country studies aSecond ed. (c1977) published under title: Politics in West Germany. aIncludes bibliographical references. 0aGermany (West)xPolitics and government.